| 000 | 00000nam##2200000za#4500 |
| 001 | 9.618863 |
| 003 | CaOODSP |
| 005 | 20200327154742 |
| 007 | ta |
| 008 | 150406|2007||||xxc||||| f|0| 0 eng|d |
| 040 | |aCaOODSP|beng |
| 043 | |an-cn--- |
| 086 | 1 |aR34-9/27-2007E |
| 110 | 1 |aCanada.|bIndian and Northern Affairs Canada. |bNWT Region. |
| 245 | 10|aNorthwest Territory métis nation process negotiations |
| 260 | |bIndian and Northern Affairs. |cMarch 2007. |
| 300 | |a1 sheet ([2]p.) : |bphotographs ; |c28 cm. |
| 490 | 1 |aNWT plain facts on land and self-government |
| 590 | |a08-24|b2008-06-13 |
| 776 | 0#|tNorthwest Territory Métis Nation Process negotiations |w(CaOODSP)9.580083 |
| 830 | #0|aNWT plain facts on land and self-government.|w(CaOODSP)9.515542 |
| 986 | |aQS-Y280-000-EE-A1 |